Niezapomniane Jedenastki #33: Bayern 2009/2010 - Statystyki

Ogólne statystyki
  • Ten quiz został rozwiązany 88 razy
  • Średni wynik to 8 z 11
Statystyki odpowiedzi
Pozycja Kraj Zawodnik % Poprawnych
PO Niemcy Philipp Lahm
95%
PP Holandia Arjen Robben
93%
LP Francja Franck Ribery
92%
N Niemcy Thomas Muller
75%
N Chorwacja Ivica Olic
71%
ŚO Belgia Daniel van Buyten
66%
ŚP Niemcy Bastian Schweinsteiger
63%
ŚP Holandia Mark van Bommel
60%
ŚO Argentyna Martin Demichelis
59%
BR Niemcy Hans-Jorg Butt
55%
LO Niemcy Holger Badstuber
26%
Nie znaleziono quizów pasujących do podanych kryteriów
Rozkład punktacji
Procent ludzi z każdym wynikiem
Percentyl według liczby udzielonych odpowiedzi
Twoja historia wyników
Nie rozwiązałeś tego quizu